[Event "European Blitz Championship 2021"]
[Site "Katowice"]
[Date "2021.12.17"]
[Round "8.16"]
[White "Koziorowicz, Michal"]
[Black "Dylag, Emilia"]
[Result "1-0"]
[WhiteElo "2094"]
[BlackElo "2008"]
[Annotator "ChessBase"]
[PlyCount "167"]
[EventDate "2021.12.17"]
[EventType "swiss"]
[EventCountry "POL"]
[SourceTitle "playchess.com"]
[Source "ChessBase"]
[SourceQuality "1"]

1. e4 e5 2. Bc4 Nf6 3. d3 c6 4. Nf3 d5 5. Bb3 Bd6 6. Nc3 Be6 7. O-O O-O 8. Bg5
d4 9. Ne2 h6 10. Bh4 Nbd7 11. Bg3 Nh5 12. Nd2 Nxg3 13. Nxg3 Be7 14. Kh1 Bg5 15.
Nf3 Bxb3 16. axb3 g6 17. Ne2 c5 18. Nxg5 hxg5 19. Qd2 Kg7 20. g3 Rh8 21. f3 Qe7
22. Rf2 Rh7 23. c3 Qf6 24. b4 Rah8 25. Ng1 dxc3 26. bxc3 cxb4 27. cxb4 a6 28.
Rc1 Nb8 29. Qe3 Nc6 30. Rc4 Nd4 31. Rc7 Qb6 32. Re7 Kf6 33. Rd7 Qxb4 34. f4
gxf4 35. gxf4 Kg7 36. fxe5 Rf8 37. Qxd4 Qxd4 38. Rxd4 b5 39. Ra2 Ra8 40. Rd5 b4
41. Rda5 b3 42. Rb2 Rah8 43. Rxa6 Rh5 44. Rb6 Rxe5 45. R6xb3 Rg5 46. Rg2 Ra5
47. Rb1 Rd8 48. Rd1 Ra3 49. Rgd2 f5 50. exf5 gxf5 51. Kg2 Kf6 52. Kf3 Rh8 53.
h3 Rg8 54. Ne2 Rh8 55. Nf4 Ra4 56. d4 Rh4 57. Rd3 Kg5 58. Rg1+ Kf6 59. Rg6+ Kf7
60. Rb6 Ra1 61. Kg3 Rh8 62. Rc3 Rg8+ 63. Kf2 Re8 64. Rc7+ Re7 65. Rxe7+ Kxe7
66. Nd3 Ra4 67. Ke3 Ra3 68. d5 f4+ 69. Ke4 f3 70. Re6+ Kf8 71. Rf6+ Ke7 72.
Rxf3 Ra4+ 73. Ke5 Ke8 74. Nc5 Ra1 75. Ne4 Re1 76. h4 Kd7 77. Rh3 Ke8 78. h5 Kf8
79. h6 Kg8 80. d6 Kh8 81. d7 Rd1 82. Nd6 Kh7 83. d8=Q Re1+ 84. Ne4 1-0

[Event "European Blitz Championship 2021"]
[Site "Katowice"]
[Date "2021.12.17"]
[Round "8.17"]
[White "Wilk, Krzysztof"]
[Black "Balog, Imre"]
[Result "0-1"]
[WhiteElo "2206"]
[BlackElo "2573"]
[Annotator "ChessBase"]
[PlyCount "134"]
[EventDate "2021.12.17"]
[EventType "swiss"]
[EventCountry "POL"]
[SourceTitle "playchess.com"]
[Source "ChessBase"]
[SourceQuality "1"]

1. a3 Nf6 2. b4 g6 3. Bb2 Bg7 4. e3 O-O 5. c4 d6 6. d4 e5 7. dxe5 Ng4 8. Nf3
Nc6 9. Qb3 Ncxe5 10. Nbd2 a5 11. h3 a4 12. Qa2 Nxf3+ 13. Nxf3 Nf6 14. Be2 Re8
15. O-O c6 16. Rad1 Qe7 17. Qa1 Be6 18. Nd4 Bd7 19. Bf3 Rad8 20. Rfe1 Bc8 21.
Ne2 h5 22. Nc3 g5 23. Nxa4 g4 24. hxg4 hxg4 25. Be2 g3 26. Bf3 Bg4 27. Bxf6
Bxf6 28. Qa2 Bxf3 29. gxf3 gxf2+ 30. Qxf2 Bh4 31. Qg2+ Kh8 32. Qb2+ Kh7 33. Re2
Qg5+ 34. Kh1 Rxe3 35. Qc2+ Kh6 36. Rh2 Qg3 37. Qg2 Qxg2+ 38. Kxg2 Kg5 39. Rd4
Re2+ 40. Kh3 Rxh2+ 41. Kxh2 Bf2 42. Rg4+ Kf5 43. Kg2 Be3 44. Nc3 Ra8 45. Nb1 d5
46. Kf1 d4 47. Ke2 Rh8 48. Rg2 Rh1 49. Nd2 Ra1 50. Ne4 Ra2+ 51. Kf1 Rxa3 52.
Rg7 f6 53. Rf7 d3 54. Kg2 d2 55. Rd7 Ra1 56. Nxd2 Ra2 57. Rxb7 Rxd2+ 58. Kf1
Kf4 59. Rf7 f5 60. Ke1 Rb2 61. Kd1 Rxb4 62. Ke2 Rxc4 63. Kd3 Rd4+ 64. Kc3 c5
65. Rc7 Kxf3 66. Kc2 c4 67. Rf7 f4 0-1

[Event "European Blitz Championship 2021"]
[Site "Katowice"]
[Date "2021.12.17"]
[Round "8.17"]
[White "Rog, Bartlomiej"]
[Black "Karolczuk, Iwo"]
[Result "0-1"]
[WhiteElo "1719"]
[BlackElo "2093"]
[Annotator "NA"]
[PlyCount "40"]
[EventDate "2021.12.17"]
[EventType "swiss"]
[EventCountry "POL"]
[SourceTitle "playchess.com"]
[Source "ChessBase"]
[SourceQuality "1"]

1. g4 d5 2. Bg2 c6 3. g5 e5 4. d4 exd4 5. Qxd4 Ne7 6. Nc3 Nf5 7. Qe5+ Be6 8.
Nd1 Na6 9. Bd2 Bd6 10. Qc3 Bb4 11. Qb3 Bxd2+ 12. Kxd2 Qxg5+ 13. Ne3 Nxe3 14.
fxe3 Nc5 15. Qb4 Qxg2 16. Qxc5 Qxh1 17. Nf3 Qxa1 18. Qd6 Qxb2 19. Nd4 Rd8 20.
Qc5 Qb6 0-1

[Event "European Blitz Championship 2021"]
[Site "Katowice"]
[Date "2021.12.17"]
[Round "8.18"]
[White "Kovalenko, Igor"]
[Black "Bjerre, Jonas"]
[Result "1-0"]
[WhiteElo "2668"]
[BlackElo "2201"]
[Annotator "TA"]
[PlyCount "59"]
[EventDate "2021.12.17"]
[EventType "swiss"]
[EventCountry "POL"]
[SourceTitle "playchess.com"]
[Source "ChessBase"]
[SourceQuality "1"]

1. d4 Nf6 2. Nf3 c5 3. e3 g6 4. Nbd2 Bg7 5. dxc5 Qa5 6. a3 Qxc5 7. b4 Qc7 8.
Bb2 O-O 9. c4 d6 10. Be2 Nc6 11. O-O a5 12. Qb3 Be6 13. Rfc1 Qb6 14. Ng5 axb4
15. Nxe6 fxe6 16. c5 dxc5 17. Qxe6+ Kh8 18. Nc4 Qc7 19. axb4 Rxa1 20. Bxa1 cxb4
21. Ne5 Nd8 22. Rxc7 Nxe6 23. Rxb7 Nd5 24. Bc4 Ra8 25. Bb2 Nec7 26. e4 Nc3 27.
Nf7+ Kg8 28. Rxc7 Ne2+ 29. Kf1 Bxb2 30. Kxe2 1-0

[Event "European Blitz Championship 2021"]
[Site "Katowice"]
[Date "2021.12.17"]
[Round "8.18"]
[White "Batashevs, Arsens"]
[Black "Wiecek, Pawel"]
[Result "1-0"]
[WhiteElo "2091"]
[BlackElo "1871"]
[Annotator "NA"]
[PlyCount "95"]
[EventDate "2021.12.17"]
[EventType "swiss"]
[EventCountry "POL"]
[SourceTitle "playchess.com"]
[Source "ChessBase"]
[SourceQuality "1"]

1. Nf3 d5 2. b3 Nf6 3. Bb2 g6 4. e3 Bg7 5. c4 c6 6. Nc3 O-O 7. Be2 Nbd7 8. d4
e6 9. O-O Ne8 10. cxd5 exd5 11. Ba3 c5 12. Nxd5 Nc7 13. Nxc7 Qxc7 14. Rc1 Qa5
15. Bxc5 Nxc5 16. Rxc5 Qxa2 17. Bc4 b6 18. Rc7 b5 19. Bd5 Rb8 20. Qa1 Qxa1 21.
Rxa1 a6 22. Ng5 h6 23. Nxf7 Kh7 24. Ne5 Rd8 25. Be4 Rd6 26. Rac1 Be6 27. b4 Kg8
28. Nxg6 Re8 29. Nf4 Bc4 30. Bf3 Bf8 31. h4 Rf6 32. Bd5+ Bxd5 33. Nxd5 Rd6 34.
Nf4 Rf6 35. Nd3 a5 36. bxa5 Ra6 37. Rb1 Rxa5 38. Rb7 b4 39. Nxb4 Rc8 40. Nd3
Rc3 41. Nf4 Ra2 42. R7b2 Raa3 43. Rb6 Ra2 44. R1b2 Ra1+ 45. Kh2 Ba3 46. Rb8+
Kf7 47. R2b7+ Kf6 48. Nd5+ 1-0

[Event "European Blitz Championship 2021"]
[Site "Katowice"]
[Date "2021.12.17"]
[Round "8.19"]
[White "Niedbala, Bartlomiej"]
[Black "Sumets, Andrey"]
[Result "0-1"]
[WhiteElo "2179"]
[BlackElo "2527"]
[Annotator "ChessBase"]
[PlyCount "110"]
[EventDate "2021.12.17"]
[EventType "swiss"]
[EventCountry "POL"]
[SourceTitle "playchess.com"]
[Source "ChessBase"]
[SourceQuality "1"]

1. Nf3 d5 2. g3 Nf6 3. Bg2 g6 4. b3 Bg7 5. Bb2 O-O 6. c4 c5 7. cxd5 Qxd5 8. Nc3
Qh5 9. h3 g5 10. Rc1 Nc6 11. Na4 b6 12. Ne5 Nxe5 13. Bxe5 Bd7 14. Bxa8 Rxa8 15.
Nc3 Bxh3 16. Bxf6 exf6 17. Nd5 Qg4 18. Ne3 Qd7 19. d3 Be6 20. Qd2 f5 21. Nc4 h6
22. O-O f4 23. gxf4 Bh3 24. Qe3 Re8 25. Qf3 g4 26. Qg3 Bxf1 27. Kxf1 h5 28. Rd1
Qd5 29. e3 b5 30. Ne5 Bxe5 31. fxe5 Rxe5 32. Ke2 Rf5 33. e4 Re5 34. Qf4 Qe6 35.
Rc1 Kg7 36. b4 c4 37. Ke3 cxd3 38. Rc6 Qxc6 39. Qxe5+ Qf6 40. Qxh5 Qf3+ 41. Kd4
Qxf2+ 42. Kxd3 Qf3+ 43. Kd4 Qf6+ 44. Kd3 g3 45. Qh1 Qf4 46. a3 Qf2 47. Qh4 Qf3+
48. Kc2 Qf2+ 49. Kb3 Qe3+ 50. Ka2 Qf3 51. Qg5+ Kh7 52. Qh4+ Kg6 53. e5 g2 54.
Qh2 Qf2+ 55. Kb3 g1=Q 0-1

[Event "European Blitz Championship 2021"]
[Site "Katowice"]
[Date "2021.12.17"]
[Round "8.19"]
[White "Warchol, Kamil"]
[Black "Lis, Mateusz"]
[Result "1-0"]
[WhiteElo "1706"]
[BlackElo "2061"]
[Annotator "NA"]
[PlyCount "71"]
[EventDate "2021.12.17"]
[EventType "swiss"]
[EventCountry "POL"]
[SourceTitle "playchess.com"]
[Source "ChessBase"]
[SourceQuality "1"]

1. e4 c5 2. Nf3 Nc6 3. Bb5 g6 4. Bxc6 bxc6 5. O-O Bg7 6. Re1 Nf6 7. e5 Nd5 8.
c4 Nc7 9. d4 cxd4 10. Qxd4 Ne6 11. Qh4 O-O 12. Bh6 d6 13. Nc3 dxe5 14. Bxg7
Kxg7 15. Nxe5 Qd4 16. Qxe7 Ba6 17. Rad1 Qf4 18. Nxc6 Qxc4 19. Ne5 Qf4 20. Nd5
Qg5 21. Qxg5 Nxg5 22. Nc7 Bb7 23. Nxa8 Bxa8 24. h4 Ne6 25. Rd7 Nf4 26. f3 a6
27. Ra7 Bd5 28. Rxa6 Re8 29. Nd3 Ne2+ 30. Kf2 Bc4 31. Rd6 Bxd3 32. Rxd3 Nf4 33.
Rxe8 Nxd3+ 34. Ke3 Nxb2 35. Kd4 Na4 36. Rb8 1-0

[Event "European Blitz Championship 2021"]
[Site "Katowice"]
[Date "2021.12.17"]
[Round "8.20"]
[White "Lewtak, Damian"]
[Black "Motylev, Alexander"]
[Result "1-0"]
[WhiteElo "2203"]
[BlackElo "2633"]
[Annotator "ChessBase"]
[PlyCount "111"]
[EventDate "2021.12.17"]
[EventType "swiss"]
[EventCountry "POL"]
[SourceTitle "playchess.com"]
[Source "ChessBase"]
[SourceQuality "1"]

1. c3 e5 2. d4 exd4 3. cxd4 d5 4. Nc3 Nf6 5. Bf4 c6 6. Qc2 g6 7. h3 Bf5 8. Qb3
Qb6 9. Nf3 Nbd7 10. e3 h5 11. Be2 Qxb3 12. axb3 a6 13. Ne5 h4 14. f3 Nh5 15.
Bh2 Ng3 16. Bxg3 hxg3 17. Nxd7 Kxd7 18. Kd2 Re8 19. Bd3 Be6 20. Ne2 Bb4+ 21.
Kc2 Bd6 22. f4 Kc7 23. Nxg3 Bd7 24. Kd2 g5 25. Ne2 Bb4+ 26. Nc3 Be7 27. Raf1 f6
28. fxg5 fxg5 29. Bf5 Bxf5 30. Rxf5 g4 31. Ne2 Bb4+ 32. Kd3 Rh7 33. Re5 Rf8 34.
Rg5 gxh3 35. Rxh3 Re7 36. Nf4 Rfe8 37. Rhg3 Bd6 38. Rg7 Kb6 39. Rxe7 Rxe7 40.
Rg6 Kc7 41. g4 Rh7 42. Rg7+ Rxg7 43. Ne6+ Kd7 44. Nxg7 Be7 45. e4 Bf6 46. Nh5
Bg5 47. e5 Ke6 48. Ng3 Bc1 49. Kc2 Be3 50. Ne2 c5 51. Kd3 Bf2 52. Nf4+ Kd7 53.
dxc5 Kc6 54. g5 Bg3 55. g6 Bxf4 56. g7 1-0

[Event "European Blitz Championship 2021"]
[Site "Katowice"]
[Date "2021.12.17"]
[Round "8.20"]
[White "Deren, Marcin"]
[Black "Gretarsson, Helgi Ass"]
[Result "0-1"]
[WhiteElo "1936"]
[BlackElo "2476"]
[Annotator "ChessBase"]
[PlyCount "80"]
[EventDate "2021.12.17"]
[EventType "swiss"]
[EventCountry "POL"]
[SourceTitle "playchess.com"]
[Source "ChessBase"]
[SourceQuality "1"]

1. e4 g6 2. d4 Bg7 3. Nf3 d6 4. Bc4 Nf6 5. Nbd2 O-O 6. O-O Nxe4 7. Nxe4 d5 8.
Ned2 dxc4 9. Nxc4 b6 10. c3 Bb7 11. Re1 Re8 12. Bf4 Nd7 13. Nce5 Nf6 14. Bg3
Rc8 15. Qb3 Rf8 16. Rad1 Ne8 17. h4 Nd6 18. h5 Nf5 19. hxg6 hxg6 20. Nxg6 Bd5
21. c4 Bxf3 22. Qxf3 fxg6 23. Qe4 Qd7 24. d5 Nxg3 25. fxg3 Rf6 26. Rd3 Rcf8 27.
Rde3 R8f7 28. Qh4 Qd6 29. Re6 Qc5+ 30. Kh2 Qf2 31. Rxe7 Rxe7 32. Rxe7 Rf7 33.
Re8+ Rf8 34. Re7 Qf6 35. Qe4 Qf5 36. Qe3 Qh5+ 37. Kg1 Qd1+ 38. Kh2 Qh5+ 39. Kg1
Qg4 40. Rxc7 Bd4 0-1

[Event "European Blitz Championship 2021"]
[Site "Katowice"]
[Date "2021.12.17"]
[Round "8.21"]
[White "Laurusas, Tomas"]
[Black "Skawinski, Arkadiusz"]
[Result "1-0"]
[WhiteElo "2553"]
[BlackElo "2184"]
[Annotator "ChessBase"]
[PlyCount "103"]
[EventDate "2021.12.17"]
[EventType "swiss"]
[EventCountry "POL"]
[SourceTitle "playchess.com"]
[Source "ChessBase"]
[SourceQuality "1"]

1. c4 e6 2. Nc3 d5 3. d4 c6 4. e3 Bd6 5. Nf3 f5 6. Ne5 Nf6 7. Bd3 O-O 8. O-O
Nbd7 9. f4 Ne4 10. Bd2 Ndf6 11. Be1 Bd7 12. b4 a6 13. c5 Be7 14. Na4 Be8 15.
Nb6 Ra7 16. Bh4 Bh5 17. Qe1 Qe8 18. a4 Bd8 19. h3 h6 20. Bxf6 gxf6 21. Nf3 Kh7
22. Nc8 Ra8 23. Nb6 Bxb6 24. cxb6 Qd8 25. a5 Rg8 26. Bxe4 fxe4 27. Nd2 Qe7 28.
Nb3 Rg7 29. Nc5 Rag8 30. Ra2 f5 31. Kh2 Rg6 32. Rg1 Qg7 33. Qh4 Bf3 34. Qf2 Rg3
35. Nb3 Qg6 36. Rd2 Rg7 37. Nc5 Kh8 38. Nb3 Kh7 39. Nc5 Kh8 40. Rb2 Kh7 41. Na4
Qh5 42. Qxg3 Rxg3 43. Kxg3 Be2 44. Kh2 Bb5 45. Nc5 Qf7 46. g4 e5 47. dxe5 fxg4
48. Rxg4 d4 49. Rbg2 d3 50. Rg7+ Qxg7 51. Rxg7+ Kxg7 52. Nxe4 1-0

[Event "European Blitz Championship 2021"]
[Site "Katowice"]
[Date "2021.12.17"]
[Round "8.21"]
[White "Seemann, Jakub"]
[Black "Kjartansson, Gudmundur"]
[Result "0-1"]
[WhiteElo "2296"]
[BlackElo "2382"]
[Annotator "ChessBase"]
[PlyCount "106"]
[EventDate "2021.12.17"]
[EventType "swiss"]
[EventCountry "POL"]
[SourceTitle "playchess.com"]
[Source "ChessBase"]
[SourceQuality "1"]

1. e4 c6 2. d4 d5 3. e5 Bf5 4. Nf3 e6 5. Be2 c5 6. Be3 cxd4 7. Nxd4 Ne7 8. O-O
Nbc6 9. f4 Nxd4 10. Bxd4 Nc6 11. Be3 d4 12. Bf2 Bc5 13. Nd2 O-O 14. Nb3 Bb6 15.
Bb5 Rc8 16. a3 Qd5 17. Bd3 Be4 18. Bxe4 Qxe4 19. Qd2 Rfd8 20. Rfe1 Qf5 21. Rad1
Ne7 22. Bxd4 Rxc2 23. Qe3 Qg4 24. g3 Nf5 25. Qe4 Nxd4 26. Nxd4 Rc4 27. Qxb7
Rcxd4 28. Rxd4 Rxd4 29. Kh1 h5 30. Rc1 Rd5 31. Qc8+ Kh7 32. Qc2+ g6 33. Kg2 Qf5
34. Qxf5 gxf5 35. Rc2 Kg6 36. Kf3 Rb5 37. b4 a5 38. Rc4 axb4 39. axb4 Rd5 40.
Rc6 Bg1 41. Kg2 Ba7 42. Rc7 Rd2+ 43. Kf1 Be3 44. Rc3 Bd4 45. Rc4 Bb6 46. Rc6
Bd8 47. Ke1 Rxh2 48. Rd6 Be7 49. Rb6 Rb2 50. b5 Bc5 51. Rb8 Bf2+ 52. Kf1 Kg7
53. b6 Bxb6 0-1

[Event "European Blitz Championship 2021"]
[Site "Katowice"]
[Date "2021.12.17"]
[Round "8.22"]
[White "Mikhaletz, Lubomir"]
[Black "Pakleza, Zbigniew"]
[Result "0-1"]
[WhiteElo "2122"]
[BlackElo "2496"]
[Annotator "ChessBase"]
[PlyCount "39"]
[EventDate "2021.12.17"]
[EventType "swiss"]
[EventCountry "POL"]
[SourceTitle "playchess.com"]
[Source "ChessBase"]
[SourceQuality "1"]

1. e4 d6 2. d4 Nf6 3. Nc3 c6 4. f4 Qb6 5. Nf3 Bg4 6. Be2 Bxf3 7. Bxf3 e5 8.
fxe5 dxe5 9. dxe5 Nfd7 10. e6 fxe6 11. Bg4 Na6 12. Bxe6 O-O-O 13. Qg4 h5 14.
Qh3 Be7 15. Bb3 Rhf8 16. Be3 Bh4+ 17. Ke2 Rf2+ 18. Kd3 Nb4+ 19. Kc4 Qa6+ 20.
Kd4 0-1

[Event "European Blitz Championship 2021"]
[Site "Katowice"]
[Date "2021.12.17"]
[Round "8.22"]
[White "Budzisz, Adrian"]
[Black "Szwed, Jacek"]
[Result "1-0"]
[WhiteElo "1985"]
[BlackElo "2346"]
[Annotator "ChessBase"]
[PlyCount "73"]
[EventDate "2021.12.17"]
[EventType "swiss"]
[EventCountry "POL"]
[SourceTitle "playchess.com"]
[Source "ChessBase"]
[SourceQuality "1"]

1. e4 e6 2. d4 d5 3. Bd3 c5 4. exd5 exd5 5. Nf3 c4 6. Be2 Bd6 7. O-O Nc6 8. b3
cxb3 9. axb3 Nge7 10. c4 O-O 11. Nc3 Bc7 12. Ba3 Re8 13. Nb5 Bb8 14. h3 Ng6 15.
Bd3 Nf4 16. cxd5 Qxd5 17. Bc4 Qh5 18. Nd6 Nxh3+ 19. gxh3 Qg6+ 20. Kh1 Bxd6 21.
Rg1 Qf6 22. Ng5 Nd8 23. Qh5 h6 24. Bxd6 hxg5 25. Be5 Qh6 26. Rxg5 Qxh5 27. Rxh5
Be6 28. Rg1 Bxc4 29. Rxg7+ Kf8 30. Bf6 Re1+ 31. Kh2 Ke8 32. bxc4 Kd7 33. Rd5+
Kc7 34. h4 b6 35. Rg8 Ne6 36. Rxa8 Kb7 37. Re8 1-0

[Event "European Blitz Championship 2021"]
[Site "Katowice"]
[Date "2021.12.17"]
[Round "8.23"]
[White "Kacprzak, Karol"]
[Black "Tazbir, Marcin"]
[Result "0-1"]
[WhiteElo "2155"]
[BlackElo "2508"]
[Annotator "ChessBase"]
[PlyCount "78"]
[EventDate "2021.12.17"]
[EventType "swiss"]
[EventCountry "POL"]
[SourceTitle "playchess.com"]
[Source "ChessBase"]
[SourceQuality "1"]

1. e4 c5 2. Nf3 d6 3. d4 Nf6 4. Nc3 cxd4 5. Nxd4 a6 6. Nb3 g6 7. Be2 Bg7 8. Be3
O-O 9. g4 Nc6 10. g5 Nd7 11. Qd2 b5 12. O-O-O Nce5 13. Bd4 Nb6 14. f4 Nec4 15.
Qd3 e5 16. Bf2 exf4 17. h4 b4 18. Nd5 Nxb2 19. Qd2 Nxd5 20. Qxd5 Be6 21. Qd2
Nxd1 22. Rxd1 Bxb3 23. axb3 Qa5 24. Bd4 Rac8 25. Kb1 Be5 26. h5 Bxd4 27. Qxd4
Qxg5 28. hxg6 hxg6 29. Bc4 Qe5 30. Qg1 Kg7 31. Rd5 Qc3 32. Rd3 Qf6 33. Qf2 Rh8
34. Rd1 f3 35. Ka2 Rh5 36. Kb1 Ra5 37. Rd4 Rh8 38. e5 Rh1+ 39. Bf1 Qxe5 0-1

[Event "European Blitz Championship 2021"]
[Site "Katowice"]
[Date "2021.12.17"]
[Round "8.23"]
[White "Drozniak, Stanislaw"]
[Black "Kalogeris, Ioannis"]
[Result "0-1"]
[WhiteElo "1911"]
[BlackElo "2287"]
[Annotator "ChessBase"]
[PlyCount "80"]
[EventDate "2021.12.17"]
[EventType "swiss"]
[EventCountry "POL"]
[SourceTitle "playchess.com"]
[Source "ChessBase"]
[SourceQuality "1"]

1. e4 e5 2. Nf3 Nc6 3. d4 exd4 4. Nxd4 Bc5 5. Nf5 g6 6. Be3 Bf8 7. Nd4 Bg7 8.
Nc3 d6 9. Be2 Nge7 10. Qd2 O-O 11. O-O f5 12. exf5 Bxf5 13. Nxf5 Nxf5 14. Bg5
Qd7 15. Bc4+ Kh8 16. Rae1 Ne5 17. Bb3 Nd4 18. Kh1 Nxb3 19. axb3 Nf7 20. Re7 Qg4
21. Be3 Rac8 22. Ra1 a6 23. Ra4 Qh5 24. Bd4 Ne5 25. f4 c5 26. Bg1 Ng4 27. Ne4
d5 28. Ng3 Qh4 29. Qxd5 Qxe7 30. Re4 Nf6 31. Rxe7 Nxd5 32. Rxb7 Nxf4 33. h3
Rfe8 34. Kh2 Be5 35. Rb6 Nh5 36. Bf2 Rf8 37. Be1 Nxg3 38. Bxg3 Bxg3+ 39. Kxg3
a5 40. Ra6 c4 0-1

[Event "European Blitz Championship 2021"]
[Site "Katowice"]
[Date "2021.12.17"]
[Round "8.24"]
[White "Bernadskiy, Vitaliy"]
[Black "Tymrakiewicz, Rafal"]
[Result "1/2-1/2"]
[WhiteElo "2592"]
[BlackElo "2172"]
[Annotator "ChessBase"]
[PlyCount "92"]
[EventDate "2021.12.17"]
[EventType "swiss"]
[EventCountry "POL"]
[SourceTitle "playchess.com"]
[Source "ChessBase"]
[SourceQuality "1"]

1. e4 Nf6 2. e5 Nd5 3. Bc4 Nb6 4. Bb3 d5 5. d4 Bf5 6. Ne2 e6 7. Ng3 Bg6 8. Be3
c5 9. c3 Nc6 10. O-O Nc4 11. Bc1 Qb6 12. Ne2 Rd8 13. h3 Be7 14. Na3 Nxa3 15.
bxa3 O-O 16. Be3 Na5 17. Nf4 Nxb3 18. axb3 cxd4 19. Bxd4 Bc5 20. b4 Bxd4 21.
Qxd4 Qxd4 22. cxd4 Rc8 23. Rfc1 Bc2 24. Kf1 Rc7 25. Ke1 Rfc8 26. Kd2 Be4 27. f3
Bf5 28. g4 Bg6 29. Rxc7 Rxc7 30. Rc1 Rxc1 31. Kxc1 h6 32. Nxg6 fxg6 33. f4 Kf7
34. Kd2 Ke7 35. a4 Kd7 36. Ke3 Ke7 37. Kf3 Kf7 38. Kg3 Ke7 39. h4 Kf7 40. Kh3
Ke7 41. Kg3 Kf7 42. Kf3 Ke7 43. Ke3 Kf7 44. Kf3 Ke7 45. Kg3 Kf7 46. Kf3 Ke7
1/2-1/2

[Event "European Blitz Championship 2021"]
[Site "Katowice"]
[Date "2021.12.17"]
[Round "8.24"]
[White "Kubicka, Anna"]
[Black "Kastelik, Adrian"]
[Result "0-1"]
[WhiteElo "2273"]
[BlackElo "2248"]
[Annotator "ChessBase"]
[PlyCount "67"]
[EventDate "2021.12.17"]
[EventType "swiss"]
[EventCountry "POL"]
[SourceTitle "playchess.com"]
[Source "ChessBase"]
[SourceQuality "1"]

1. e4 e5 2. Nf3 Nc6 3. Bb5 Nf6 4. d3 Ne7 5. c3 c6 6. Ba4 Ng6 7. h3 Be7 8. Be3
O-O 9. Bc2 d5 10. O-O Qc7 11. Nbd2 h6 12. d4 dxe4 13. Nxe4 Nxe4 14. Bxe4 f5 15.
Bc2 f4 16. Bxg6 fxe3 17. fxe3 exd4 18. Nxd4 Bxh3 19. Qh5 Bd7 20. Bf7+ Kh8 21.
Nf5 Bxf5 22. Rxf5 Rad8 23. Raf1 Rd6 24. Bg6 Rdf6 25. Rxf6 Bxf6 26. Bf5 Qg3 27.
Qg6 Qxg6 28. Bxg6 Rd8 29. e4 Kg8 30. Rf5 Rd6 31. Bh5 Re6 32. Bf3 Be5 33. Be2 b5
34. Rf1 0-1

[Event "European Blitz Championship 2021"]
[Site "Katowice"]
[Date "2021.12.17"]
[Round "8.25"]
[White "Mirzoev, Emil"]
[Black "Sliwicka, Alicja"]
[Result "1-0"]
[WhiteElo "2474"]
[BlackElo "2155"]
[Annotator "ChessBase"]
[PlyCount "62"]
[EventDate "2021.12.17"]
[EventType "swiss"]
[EventCountry "POL"]
[SourceTitle "playchess.com"]
[Source "ChessBase"]
[SourceQuality "1"]

1. Nf3 c5 2. g3 Nc6 3. Bg2 e5 4. O-O g6 5. c4 Bg7 6. Nc3 Nge7 7. Ne1 d6 8. Nc2
Be6 9. Ne3 a6 10. Ned5 Rb8 11. a4 Nb4 12. Nxb4 cxb4 13. Nd5 Nxd5 14. cxd5 Bd7
15. a5 b6 16. axb6 Qxb6 17. d3 O-O 18. e4 f5 19. Be3 Qb5 20. Qd2 a5 21. d4 a4
22. dxe5 Bxe5 23. Bf4 Bxf4 24. Qxf4 fxe4 25. Qxd6 Bf5 26. Qc6 Rfd8 27. Rxa4
Qxd5 28. Qc1 Rbc8 29. Qe1 Qd2 30. Rxb4 Rc2 31. Bxe4 Bh3 1-0

[Event "European Blitz Championship 2021"]
[Site "Katowice"]
[Date "2021.12.17"]
[Round "8.25"]
[White "Sharankov, Grigory"]
[Black "Grzesik, Gracjan"]
[Result "0-1"]
[WhiteElo "2238"]
[BlackElo "2208"]
[Annotator "ChessBase"]
[PlyCount "90"]
[EventDate "2021.12.17"]
[EventType "swiss"]
[EventCountry "POL"]
[SourceTitle "playchess.com"]
[Source "ChessBase"]
[SourceQuality "1"]

1. e4 c5 2. Nc3 Nc6 3. Bb5 Nd4 4. Nf3 e6 5. O-O a6 6. Be2 Nxe2+ 7. Qxe2 d6 8.
d4 cxd4 9. Nxd4 Nf6 10. Bg5 Be7 11. Rad1 O-O 12. e5 Ne8 13. Be3 d5 14. f4 Bb4
15. Rd3 Nc7 16. a3 Bxc3 17. Rxc3 Bd7 18. Qh5 Nb5 19. Rd3 Nxd4 20. Bxd4 Bb5 21.
Rh3 h6 22. Rff3 Be2 23. Rhg3 Kh7 24. Rxg7+ Kxg7 25. Rg3+ Kh7 26. Qxe2 Rg8 27.
Qd3+ Rg6 28. c3 Qe8 29. f5 Rxg3 30. hxg3 Kh8 31. Bc5 exf5 32. Qxf5 Qe6 33. Qf4
Rg8 34. Bd4 Rg6 35. b4 b5 36. Kf2 Rg5 37. Kg1 Kh7 38. Qf2 Qf5 39. Qe3 Qb1+ 40.
Kf2 Rf5+ 41. Ke2 Qc2+ 42. Ke1 Qb1+ 43. Ke2 Qf1+ 44. Kd2 Qxg2+ 45. Ke1 Rf1# 0-1

[Event "European Blitz Championship 2021"]
[Site "Katowice"]
[Date "2021.12.17"]
[Round "8.26"]
[White "Teclaf, Pawel"]
[Black "Karpus, Michal"]
[Result "0-1"]
[WhiteElo "2543"]
[BlackElo "2129"]
[Annotator "ChessBase"]
[PlyCount "208"]
[EventDate "2021.12.17"]
[EventType "swiss"]
[EventCountry "POL"]
[SourceTitle "playchess.com"]
[Source "ChessBase"]
[SourceQuality "1"]

1. Nf3 Nf6 2. g3 g6 3. b3 Bg7 4. Bb2 b6 5. Bg2 Bb7 6. O-O O-O 7. c4 c5 8. d4
cxd4 9. Qxd4 Nc6 10. Qf4 d6 11. Rd1 Nh5 12. Qd2 Nf6 13. Nc3 Rc8 14. Rac1 Qd7
15. Ng5 Ne5 16. Bh3 Qc6 17. Nd5 Rce8 18. Bg2 Qc8 19. Nxf6+ Bxf6 20. Ne4 Bg7 21.
Ba1 Qa8 22. f3 Bxe4 23. fxe4 Qc8 24. Bd4 Qc7 25. Bf3 Rb8 26. Kh1 a6 27. Bg1
Rfc8 28. Qd5 Qd7 29. Bg2 Nc6 30. Qd2 Qe6 31. Qd5 Qd7 32. Qd2 Be5 33. Qd5 Qc7
34. Be3 Rd8 35. Qd2 Qb7 36. Qd5 Na5 37. Qd2 Nc6 38. Qd5 Qc7 39. Bg5 Rb7 40. Rf1
Rf8 41. Rfd1 Nb8 42. Be3 Nd7 43. Rf1 Nf6 44. Qd3 Rbb8 45. Bf3 Rbc8 46. Kg2 Qb7
47. Rc2 b5 48. Rfc1 bxc4 49. Rxc4 Rxc4 50. Qxc4 Qb5 51. Qxb5 axb5 52. a4 bxa4
53. bxa4 Ra8 54. Rc4 Nd7 55. Bg4 e6 56. Rb4 Bc3 57. Rc4 Ba5 58. Rc6 Ne5 59.
Rxd6 Nxg4 60. Bd4 e5 61. Bc5 Kg7 62. Rc6 Nf6 63. Kf3 Nd7 64. Bd6 Bd8 65. Rc4 f6
66. Bc7 Kf7 67. Bxd8 Rxd8 68. Rc7 Ke7 69. Rc3 Ra8 70. Ra3 Ra5 71. h4 Nc5 72.
Rc3 Kd6 73. Rc1 Rxa4 74. Rd1+ Rd4 75. Ra1 Nxe4 76. Ra6+ Ke7 77. Ra7+ Ke6 78.
Rxh7 Nd6 79. Rg7 Kf5 80. Rd7 Nc4 81. Rc7 Nd2+ 82. Kf2 Ne4+ 83. Kf3 Nd6 84. Rc6
Ke6 85. Ra6 Rb4 86. Ra8 f5 87. Ra6 Rb3+ 88. Kg2 Kd5 89. Ra5+ Kd4 90. Ra6 Ne4
91. Rxg6 Re3 92. h5 Rxe2+ 93. Kg1 Ra2 94. h6 Ra8 95. Kg2 Rh8 96. Re6 Ng5 97.
Rg6 Nf7 98. g4 Nxh6 99. gxf5 Nxf5 100. Ra6 Ke4 101. Ra4+ Nd4 102. Kf2 Rh2+ 103.
Ke1 Kf4 104. Rb4 Ke3 0-1